000
00226 a2200097 4500
001
41019
100
_a
Ibne Jazri
245
_a
Hissan Haseen (Qaul-i-Mateen)
260
_a
Karachi
_b
Mir M Kutub Khana
_c
090
_c
25253
_d
25253
942
_a
NUST-CAE
_c
M
_c
16951
999
_c
276092
_d
276092